[Event "World-ch Carlsen-Nepomniachtchi"]
[Site "Dubai"]
[Date "2021.12.04"]
[Round "7"]
[White "Nepomniachtchi, Ian"]
[Black "Carlsen, Magnus"]
[Result "1/2-1/2"]
[WhiteElo "2782"]
[BlackElo "2855"]
[Annotator "Giri,Anish"]
[PlyCount "81"]
[EventDate "2021.11.26"]
[EventType "match"]
[EventRounds "14"]
[EventCountry "UAE"]
[SourceTitle "CBM 206"]
[Source "ChessBase"]
[SourceDate "2022.02.28"]
[SourceVersion "1"]
[SourceVersionDate "2022.02.28"]
[SourceQuality "1"]

{[%evp 0,81,58,32,26,61,50,20,8,-25,-5,-63,-19,-58,-58,-51,-20,-50,-16,28,34,-18,24,-3,22,19,54,61,85,36,36,33,75,64,76,79,82,50,83,83,83,72,81,67,107,86,14,14,8,8,8,4,-1,-5,-5,-5,-7,-4,-9,-3,-3,5,1,0,6,0,3,0,0,0,0,-4,0,-18,0,0,0,-18,0,0,0,0,0,0]} 1. e4 e5 2. Nf3 Nc6 3. Bb5 a6 4. Ba4 Nf6 5. O-O Be7 6. Re1 b5 7. Bb3 O-O 8. a4 {The repeat of the same opening as in game 3 and 5 is not too surprising, given that Ian didn't have much time after the previous long game that ended in a loss for him. Also Ian was getting some small plus there, after all Die Wiederholung der gleichen Eröffnung wie in den Partien 3 und 5 ist nicht allzu überraschend, wenn man bedenkt, dass Ian nach der letzten langen Partie, die für ihn mit einer Niederlage endete, nicht viel Zeit hatte. Außerdem bekam Ian dort ein kleines Plus, immerhin} Rb8 9. axb5 axb5 10. h3 d6 11. d3 {Another twist, keeping the b-pawns on the board for now. In the previous game in this position Ian included 11.c3 b4, got a small plus, but for this game, Magnus (his team) would likely come up with an improvement neutralizing that attempt. Eine weitere Wendung, bei der die b-Bauern vorerst auf dem Brett bleiben. In der vorherigen Partie hatte Ian in dieser Stellung 11.c3 b4 eingeschaltet und ein kleines Plus erzielt, aber für diese Partie würde Magnus (sein Team) wahrscheinlich eine Verbesserung finden, die diesen Versuch neutralisiert.} h6 {Magnus is going for the very simple plan of h6, Re8, Bf8, Be6, trading the bishops without doubling the pawns. It is slow, but quite efficient. Magnus wählt den sehr einfachen Plan h6, Te8, Lf8, Le6 mit Läufertausch, ohne die Bauern zu verdoppeln. Es ist langsam, aber ziemlich effizient.} 12. Nc3 {Ian chooses for the Nc3-Nd5 plan. Ian entscheidet sich für den Plan Sc3-Sd5.} Re8 13. Nd5 Bf8 {Black continues with his plan, not minding the trade of knights much. Schwarz fährt mit seinem Plan fort und kümmert sich nicht sonderlich um den Tausch von Springern.} 14. Nxf6+ Qxf6 15. c3 {Black is left with the "bad" c6 knight, but as so often in these structures, he can reroute it to g6 at will. Schwarz bleibt der "schlechte" Springer auf c6, aber wie so oft in diesen Strukturen kann er ihn nach Belieben nach g6 umlenken.} Ne7 16. Be3 Be6 {Magnus took some time to go for this move order. It was also possible to start with 15....Be6, or play another move here, for example 16... b4 or 16...c5. Magnus brauchte einige Zeit, um sich für diese Zugfolge zu entscheiden. Es war auch möglich, mit 15....Le6 zu beginnen oder hier einen anderen Zug zu spielen, zum Beispiel 16...b4 oder 16...c5.} 17. d4 {White gains space in the center, but with the second pair of light pieces getting traded, the center alone is not worth too much. The side with the less space is always happy to trade stuff away. Weiß gewinnt Raum in der Mitte, aber mit dem zweiten Paar Leichtfiguren, die getauscht werden, ist die Mitte allein nicht allzu viel wert. Die Seite mit dem weniger Platz ist immer froh, wenn sie etwas abtauschen kann.} exd4 $1 {Likely an operation prepared by the team of the World Champion. Giving up the center may seem surprising at first, but it equalizes quite smoothly. Wahrscheinlich eine Operation, die vom Team des Weltmeisters vorbereitet wurde. Die Aufgabe des Zentrums mag zunächst überraschen, aber sie gleicht ganz problemlos aus.} 18. cxd4 Bxb3 19. Qxb3 Ng6 {It transpires that the e4 pawn is hanging and more importantly, c5 push is coming next. Es stellt sich heraus, dass der e4-Bauer hängt und, was noch wichtiger ist, dass der c5-Vorstoß als nächstes kommt.} 20. Rec1 (20. Rac1 $1 {The only way to put some pressure, preventing c5, but Black is fine here as well. Die einzige Möglichkeit, Druck auszuüben und c5 zu verhindern, aber auch hier steht Schwarz gut.} Rxe4 (20... Rbc8 {or 20...Qd8 is also possible, trying to be even more pedantic. oder 20...Dd8 ist auch möglich, um noch pedantischer zu sein.}) 21. Rxc7 Re7 {White is maybe somewhat more pleasant here, with b5 pawn being slightly lightly weak, but it is not a big deal. Weiß steht hier vielleicht etwas angenehmer, da der b5-Bauer leicht schwach ist, aber das ist keine große Sache.}) (20. Qc2 c5 21. e5 Qd8 {should lead to mass exchanges as well, just like in the game. sollte ebenfalls zu einem Massenaustausch führen, genau wie im Spiel.}) 20... c5 {Now the stuff just gets traded and the game ends in a draw quickly. Jetzt werden die Sachen einfach abgetauscht und das Spiel endet schnell unentschieden.} 21. e5 Qf5 22. dxc5 dxc5 23. Bxc5 Bxc5 24. Rxc5 Nxe5 25. Nxe5 Rxe5 26. Rxe5 Qxe5 27. Qc3 {Vacuum cleaner is on. Der Staubsauger ist eingeschaltet.} Qxc3 28. bxc3 Rc8 29. Ra5 Rxc3 30. Rxb5 Rc1+ 31. Kh2 Rc3 32. h4 g6 33. g3 h5 34. Kg2 Kg7 35. Ra5 Kf6 36. Rb5 Kg7 37. Ra5 Kf6 38. Rb5 Kg7 39. Ra5 Kf6 40. Ra6+ Kg7 41. Ra7 {Not the most exciting of the games, but after a 7+ hour long game the day before, the players have nothing to prove to anyone. Nicht die aufregendste Partie, aber nach einer 7-stündigen Partie am Vortag haben die Spieler niemandem etwas zu beweisen.} 1/2-1/2

[Event "Division I"]
[Site "Chess.com"]
[Date "2024.05.12"]
[Round "3.3"]
[White "Carlsen, Magnus"]
[Black "Keymer, Vincent"]
[Result "1/2-1/2"]
[WhiteElo "2891"]
[BlackElo "2818"]
[Annotator "Stockfish 16.1"]
[PlyCount "140"]
[EventDate "2024.??.??"]
[WhiteTeam "NOR"]
[BlackTeam "GER"]
[WhiteClock "0:01:31"]
[BlackClock "0:00:16"]

{[%evp 16,140,29,4,29,17,26,7,10,3,10,13,14,14,14,20,27,23,41,43,70,27,50,42,41,13,20,17,19,2,0,0,7,1,1,-30,-21,-72,-25,-32,-32,-25,-25,-44,-50,-73,-75,-87,-83,-94,-95,-80,-84,-101,-80,-98,-58,-58,-54,-110,-126,-94,-19,-37,-8,-7,-7,-11,0,-44,0,-9,-11,-20,-24,-26,-22,-33,0,-1,-1,-8,0,-8,-12,-16,-11,-13,-13,-13,-19,-19,-19,-19,0,0,0,0,0,0,0,0,0,0,0,0,0,0,0,0,0,0,0,0,0,0,0,0,0,0,0,0,0,0,0,0,0]} 1. e4 e5 2. Nf3 Nc6 3. Bb5 a6 4. Ba4 Nf6 5. O-O Be7 6. Re1 b5 7. Bb3 O-O 8. a4 b4 9. d3 Rb8 10. Nbd2 Bc5 11. Nc4 d6 12. Be3 (12. h3 {with more complications.} Be6 13. c3 bxc3 14. bxc3 h6 15. Ba2) 12... Bxe3 13. fxe3 Ne7 14. Rf1 Ng6 15. Qe1 h6 16. Na5 {[#] Hoping for Nc6.} Qe8 17. Nh4 {Black must now prevent Nxg6.} Kh7 18. Qg3 (18. Nf5 {is more complex.} Be6 19. Rf3 d5 20. exd5 Bxd5 21. e4) 18... Be6 19. Bxe6 fxe6 20. Qxg6+ (20. Nf3 {keeps more tension.} Rd8 21. Qh3 Kg8 22. Nc4 Nd7 23. Ncd2) 20... Qxg6 21. Nxg6 Kxg6 22. Nc6 Rb6 23. Na5 $1 d5 24. exd5 exd5 25. Rf3 Re8 26. Raf1 c5 27. Rg3+ Kh7 28. e4 dxe4 29. dxe4 Nxe4 30. Re3 Nd6 31. Rd1 Nf5 $36 {[%mdl 2048] Black is really pushing.} 32. Re4 Rd6 33. Rxd6 Nxd6 $17 {[%mdl 4096] Endgame KRN-KRN} 34. Re1 e4 35. Kf2 Re6 36. Rd1 Nf5 37. c3 bxc3 38. bxc3 Rf6 39. Ke2 Rb6 (39... Rg6 $5 {[%cal Rg6g2]} 40. g3 Rg5 $15) 40. Nc4 Rb3 41. Kd2 Rb7 42. Re1 Re7 43. g3 h5 44. Rb1 Rd7+ 45. Kc2 Re7 46. Kd2 g6 47. Ke2 {The position is equal.} e3 48. Rd1 Kh6 49. Rd5 Re4 50. Rxc5 h4 51. gxh4 Rxh4 52. Kd3 Rxh2 53. Re5 Kg5 54. Re6 Rh1 55. Rxa6 Rd1+ 56. Ke2 Rc1 57. Nxe3 {aiming for Nd5.} Nxe3 58. Kxe3 Rxc3+ $11 {KR-KR} 59. Kd4 Ra3 60. Kc4 Kf5 61. Kb4 Ra1 62. Ra8 g5 63. a5 g4 64. a6 g3 65. a7 Kf4 66. Rf8+ Ke3 67. a8=Q Rxa8 68. Rxa8 g2 69. Rg8 Kf2 70. Rxg2+ Kxg2 {Accuracy: White = 82%, Black = 81%.} 1/2-1/2